000 00503nam a2200193Ia 4500
003 GCL
008 140319s9999 xx 000 0 eng d
040 _aGCL /
_cGCL
082 0 4 _a599.53
_bR D
100 1 _aRINARD, JUDITH E.
245 1 0 _aDOLPHINS: OUR FRENDS IN THE SEA /
_cRINARD, JUDITH E.
260 _a[S.N] :
_bNATIONAL GEOGRAPHIC SOCIETY ،
_c1986
300 _a104 P
650 0 4 _aDOLPHIS JUVEMLE
650 0 4 _aDOLPHINS
650 0 4 _aKILLER WHALE
650 0 4 _aWHALES
942 _2ddc
_cBK
999 _c15482
_d15482